000 00453cam a22001337a 4500
008 180718b2002 xxu||||| |||| 00| 0 eng d
100 _aGallup, John Luke
245 _aThe wage labor market and inequality in Vietnam in the 1990s
_cby John Luke Gallup
260 _aWashington, D.C.
_bWorld Bank
_c2002
300 _a42p.
440 _aPolicy Research Working Paper, No.2896
650 _aIncome distribution --Vietnam
650 _aLabor Market --Vietnam
999 _c288665
_d288665